| 000 | 00588nam a2200181 a 4500 | ||
|---|---|---|---|
| 003 | PILC | ||
| 005 | 20150721161553.0 | ||
| 008 | 100713s19uu xx 00 eng d | ||
| 020 | _a032108540X | ||
| 050 |
_aHG 173 _b.M678 2001 |
||
| 100 |
_aMishkin, Frederic S. _99005 |
||
| 245 |
_aThe economics of money, banking and financial markets / _cFrederic S. Mishkin |
||
| 250 | _a6th ed. | ||
| 260 |
_aBoston : _bPearson Education International, |
||
| 300 |
_a676 pages : _billustrations ; _c30 cm. |
||
| 650 |
_aFinancial institution _xEconomics - Financial banking _930075 |
||
| 942 |
_2lcc _cBK |
||
| 999 |
_c15013 _d15013 |
||